[Event "45th Olympiad 2024"]
[Site "Budapest HUN"]
[Date "2024.09.14"]
[Round "4.92"]
[Board "2"]
[White "Roberts, Gennard"]
[Black "Matthew Bailey"]
[Result "0-1"]
[WhiteElo "1582"]
[BlackElo "1548"]
[PlyCount "94"]
[EventDate "2024.09.11"]
[WhiteTeam "Grenada"]
[BlackTeam "Antigua and Barbuda"]
[WhiteTeamCountry "GRA"]

1. e4 {Dautov,Rustem} c6 2. Nf3 d5 3. Nc3 Bg4 4. Be2 e6 ({RR} 4... dxe4 5. Nxe4 Nd7 6. Nfg5 Bxe2 7. Qxe2 Ndf6 8. O-O h6 9. Nf3 Nxe4 10. Qxe4 Nf6 11. Qe2 e6 12. d4 Bd6 13. c4 O-O 14. Bd2 Qe7 15. Rad1 Rfd8 16. Rfe1) 5. d4 Bb4 ({RR} 5... Nf6 6. e5 ({RR} 6. h3 Bh5 7. exd5 Bxf3 8. Bxf3 cxd5 9. O-O Nc6 10. Re1 Be7 11. Ne2 O-O 12. Nf4 b5) 6... Nfd7 7. Ng5 Bxe2 8. Nxe2 ({RR} 8. Qxe2 Bb4) 8... h6 ({RR} 8... Be7 9. f4 c5 10. c3 cxd4 11. cxd4 Qa5+ 12. Bd2 Qb6 13. Bc3 Nc6 14. Qd3 ({RR} 14. Nf3 f6) 14... Rc8 15. Rd1 Nb4 16. Qb1 g6 17. O-O Qa6 18. Nc1 Nb6) 9. Nf3 ({RR} 9. Nxe6 fxe6 10. Nf4 Qg5 11. g4 Nxe5 ({RR} 11... Na6 12. h4 Qd8 13. Qd3 Nc7 14. Qg6+ Ke7 15. Qh5 Rh7 16. Ng6+ Kf7 17. Bg5 hxg5 ({RR} 17... Qe8 18. Ne7+ g6 19. Qxg6#) 18. Qxh7) 12. Qe2 Qxg4 13. Qxe5 Kd7) 9... c5 10. c3 Nc6 11. O-O Be7 12. Nf4 ({RR} 12. Be3 cxd4 13. cxd4 Qb6 14. Qd2 O-O-O ({RR} 14... O-O)) 12... cxd4 13. cxd4 Qb6 14. Be3 ({RR} 14. Re1 g5 15. Ne2 g4) ({RR} 14. b3 O-O ({RR} 14... g5 15. Ne2 g4 16. Ne1 O-O-O 17. Be3 h5 18. Nd3) 15. Be3 Rfc8) 14... Qxb2 15. Ne1 ({RR} 15. Rb1 Qxa2 16. Rxb7 ({RR} 16. Nh5 g6 17. Ng7+ Kf8 18. Rxb7 Ndb8) 16... Qa6 17. Qb1 Na5 18. Rc7 Qb6) ({RR} 15. Nd2 O-O-O ({RR} 15... Nxd4 16. Rb1 Qc3 17. Rc1 Qb4 18. Rb1) 16. Nb3 Qa3 17. Qg4 ({RR} 17. Qf3) 17... g6 18. Qf3 Kb8 19. Nd3 Rdf8 20. Rfc1 Nb6 21. Nbc5) 15... O-O-O 16. Ned3 Qa3 17. Qe2 ({RR} 17. Qg4 g5) 17... Kb8 18. Rab1 Rc8 19. Rb3 Qa4 20. Rfb1 {0-1 Romanishin,O (2590)-Dautov,R (2615) BL2-West 9596 1995 [1]}) 6. Ng5 $146 ({RR} 6. e5 Bxf3 7. Bxf3 c5 8. a3 cxd4 9. axb4 dxc3 10. O-O Nd7 11. Re1 Qc7 12. Qd4 Ne7 13. Qxc3 Qxc3 14. bxc3 Nb6 15. Be3 Nc4 16. Rxa7 Rxa7 17. Bxa7 Nc6 18. Bd4 Kd7 19. Be2 Nxd4 20. cxd4 Na3 {1-0 Kovanova,B (2406)-Belenkaya,D (2028) St Petersburg Rudenko Memorial (Women) 2009 (4)}) ({RR} 6. O-O Bxc3 7. bxc3 dxe4 8. Ne5 Bf5 9. f3 exf3 10. Bxf3 Nd7 11. Qe2 Ne7 12. Rb1 Nb6 13. g4 Bg6 14. h4 f6 15. Nxg6 hxg6 16. Qxe6 Qd7 17. Qxd7+ Kxd7 18. h5 g5 19. c4 Kc7 20. c5 Nd7 {½-½ Rogge,P (2239)-Patil,H (2130) Bruges Masters Open 2024 (6.11)}) ({RR} 6. exd5 Bxf3 7. Bxf3 cxd5 8. O-O Nf6 9. Qd3 a6 10. Bf4 Nbd7 11. a3 Be7 12. Rfe1 O-O 13. Qe3 Re8 14. g4 Nf8 15. g5 N6d7 16. h4 Ng6 17. Bg3 h6 18. gxh6 Bxh4 19. hxg7 Kxg7 20. Kg2 Bg5 {½-½ Neukoetter,M (1757)-Henkemeier,M (1714) Lippe Cup 06th 2009 (5)}) ({RR} 6. exd5 cxd5 7. O-O Nc6 8. Ne5 Nxe5 9. Bxg4 Nc4 10. Be2 Rc8 11. Qd3 Ne7 12. Nd1 O-O 13. c3 Ba5 14. Qh3 Ng6 15. f4 Qh4 16. Qf3 Ne7 17. g3 Qf6 18. Nf2 Nf5 19. Bd3 Nfd6 20. g4 Qd8 {1-0 Germek,M-Kulzinski,N YUG-ch03 Ljubljana 1947 (10)}) 6... Bxe2 7. Qxe2 h6 8. Qh5 g6 9. Qh3 dxe4 10. O-O Bxc3 11. bxc3 Qd5 12. Re1 Nf6 13. f3 exf3 14. Nxe6 fxe6 15. Rxe6+ Kf7 16. Re5 Qd7 17. Qxf3 Qg4 18. Ba3 Qxf3 19. Re7+ Kg8 20. gxf3 Nbd7 21. Rb1 b6 22. Re6 Rc8 23. Kf2 Rh7 24. Rg1 Rg7 25. Rge1 Rf7 26. Bc1 Kg7 27. c4 Nf8 28. Re7 Rc7 29. R7e2 g5 30. h3 Ng6 31. Bb2 Kh7 32. Rd1 Nf4 33. Red2 Nxh3+ 34. Kg3 Nf4 35. d5 cxd5 36. Bxf6 Rxf6 37. cxd5 Rd6 38. Re1 Rxd5 39. Rxd5 Nxd5 40. Re2 Re7 41. Rd2 Nf4 42. Kg4 Kg6 43. Rd6+ Re6 44. Rd7 h5+ 45. Kg3 Re2 46. Rd6+ Kf5 47. Rd5+ Nxd5 0-1